La selección profesional

Guardat en:
Dades bibliogràfiques
Autor principal: Pacaud, Suzanne (autora)
Format: Llibre
Idioma:espanyol
Publicat: Buenos Aires Kapelusz 1961
Col·lecció:Biblioteca de psicología contemporánea
Matèries:
Etiquetes: Afegir etiqueta
Sense etiquetes, Sigues el primer a etiquetar aquest registre!

MARC

LEADER 00000nam a2200000 a 4500
001 UCY6171
003 CL-VaPUC
008 950521e19610900AG |||||||||||||||||spa|d
082 0 4 |a 158.7  |b PAC  |2 21 
100 |a Pacaud, Suzanne  |e autora  |9 335944 
245 1 3 |a La selección profesional 
300 |a 168 p 
942 |c BK 
945 |d 19950521 00:00:00  |a cmena 
260 |a Buenos Aires  |b Kapelusz  |c 1961 
650 0 |a Psicología   |9 257863 
650 0 |a Psicología aplicada   |9 270762 
650 0 |a Psicología industrial  |9 271739 
650 7 |a PSICOLOGIA OCUPACIONAL  |2 CL-VaPUC  |9 334638 
650 0 |a Personalidad   |9 307255 
650 7 |a SELECCION DEL PERSONAL  |2 CL-VaPUC  |9 324534 
650 0 |a Vida profesional  |9 335945 
583 |a last modification  |c 19950521 00:00:00  |k Rodrigo Vera 
490 0 |a Biblioteca de psicología contemporánea 
999 |c 233751  |d 233749 
952 |0 0  |1 0  |4 0  |6 158_700000000000000_PAC_1961  |7 0  |8 P  |9 239474  |a BIBEDU  |b BIBEDU  |c BIBEDU_PB  |d 2019-11-18  |i 150486K  |o 158.7 PAC 1961  |p 150486K  |r 2024-01-25  |w 2019-11-18  |y BK  |k EDU 
952 |0 0  |1 0  |4 0  |6 158_700000000000000_PAC_1961  |7 0  |8 P  |9 239475  |a BIBEDU  |b BIBEDU  |c BIBEDU_PB  |d 2019-11-18  |i 1607650  |o 158.7 PAC 1961  |p 1607650  |r 2024-01-25  |w 2019-11-18  |y BK  |k EDU